5HLuxD.jpg

KING HENRY VIII SENIOR AND PRIMARY SCHOOL LIBRARY OPAC

AWFUL AUNTIE (Record no. 4088)

000 -LEADER
fixed length control field 00808nam a22002417a 4500
005 - DATE AND TIME OF LATEST TRANSACTION
control field 20251008083326.0
008 - FIXED-LENGTH DATA ELEMENTS--GENERAL INFORMATION
fixed length control field 250114b ||||| |||| 00| 0 eng d
020 ## - INTERNATIONAL STANDARD BOOK NUMBER
International Standard Book Number 9780141342935
040 ## - CATALOGING SOURCE
Transcribing agency KH8
082 ## - DEWEY DECIMAL CLASSIFICATION NUMBER
Classification number 832 WAL
100 ## - MAIN ENTRY--PERSONAL NAME
Personal name WALLIAMS,DAVID
Relator term AUTHOR
245 ## - TITLE STATEMENT
Title AWFUL AUNTIE
260 ## - PUBLICATION, DISTRIBUTION, ETC.
Place of publication, distribution, etc. 80 Strand, London, WC2R 0RL, United Kingdom
Name of publisher, distributor, etc. Penguin Books
Date of publication, distribution, etc. 2014
300 ## - PHYSICAL DESCRIPTION
Extent 416 Pages
Other physical details Black and white illustrations
Dimensions 21 cm x 14 cm
500 ## - GENERAL NOTE
General note First published in 2014.
520 ## - SUMMARY, ETC.
Summary, etc. A humorous and spooky children’s novel about a wicked aunt and the adventures she causes.
521 ## - TARGET AUDIENCE NOTE
Target audience note Ages 8-12
650 ## - SUBJECT ADDED ENTRY--TOPICAL TERM
Source of heading or term Children’s stories
Topical term or geographic name entry element Juvenile fiction
650 ## - SUBJECT ADDED ENTRY--TOPICAL TERM
Source of heading or term Humorous stories
Topical term or geographic name entry element Juvenile fiction
655 ## - INDEX TERM--GENRE/FORM
Genre/form data or focus term Juvenile fiction
700 ## - ADDED ENTRY--PERSONAL NAME
Personal name Ross,Tony
Relator term illustrator
942 ## - ADDED ENTRY ELEMENTS (KOHA)
Source of classification or shelving scheme
Koha item type Books - Fiction
Holdings
Withdrawn status Lost status Source of classification or shelving scheme Damaged status Not for loan Collection code Permanent Location Current Location Shelving location Date acquired Total Checkouts Full call number Barcode Date last seen Date last checked out Price effective from Koha item type Public note
          Fiction KH8 Primary School Library KH8 Primary School Library Fiction 2025-01-14 3 832 KHPL00004525 2025-12-05 2025-11-12 2025-01-14 Books - Fiction KH8 PRIMARY LIBRARY

Powered By KH8 IT Dept